ბათუმის შოთა რუსთაველის სახელმწიფო უნივერსიტეტის ბიბლიოთეკა

მსოფლიოს ფიზიკური გეოგრაფია (ბიბ.ჩანაწერი № 49315)

000 -LEADER
fixed length control field 01360nam a2200277Ia 4500
001 - CONTROL NUMBER
control field 16231
003 - CONTROL NUMBER IDENTIFIER
control field GE_BSU
008 - FIXED-LENGTH DATA ELEMENTS--GENERAL INFORMATION
fixed length control field 181216s||||||||xx |||||||||||||| ||und||
020 ## - INTERNATIONAL STANDARD BOOK NUMBER
International Standard Book Number ISBN 978-9941-13-281-0
040 ## - CATALOGING SOURCE
Transcribing agency GE_BSU
080 ## - UNIVERSAL DECIMAL CLASSIFICATION NUMBER
Universal Decimal Classification number 911.2(100)(075.8)
100 ## - MAIN ENTRY--PERSONAL NAME
Personal name სეფერთელაძე, ზურაბ. მარგველანი, გელა ეთერ დავითაია,ნინო პაიჭაძე,თამარ ალექსიძე
245 ## - TITLE STATEMENT
Title მსოფლიოს ფიზიკური გეოგრაფია
245 ## - TITLE STATEMENT
Remainder of title კონტინენტები და ოკეანეები
245 ## - TITLE STATEMENT
Statement of responsibility, etc. რედ. ლია მაჭავარიანი
250 ## - EDITION STATEMENT
Edition statement ივ. ჯავახიშვილის სახ. თსუ.
260 ## - PUBLICATION, DISTRIBUTION, ETC.
Place of publication, distribution, etc. თბილისი
260 ## - PUBLICATION, DISTRIBUTION, ETC.
Name of publisher, distributor, etc. თბილ. უნ-ტის გამ-ბა,
260 ## - PUBLICATION, DISTRIBUTION, ETC.
Date of publication, distribution, etc. 2013.
300 ## - PHYSICAL DESCRIPTION
Extent 248 გვ. : რუკ. ; 25 სმ.. -
300 ## - PHYSICAL DESCRIPTION
Accompanying material ბიბლიოგრ.: გვ. 240
653 ## - INDEX TERM--UNCONTROLLED
Uncontrolled term გეოგრაფია
653 ## - INDEX TERM--UNCONTROLLED
Uncontrolled term მსოფლიოს ფიზიკური გეოგრაფია - სახელმძღვანელოები უმაღლესი სასწავლებლებისათვის;
942 ## - ADDED ENTRY ELEMENTS (KOHA)
Koha item type წიგნი
ეგზემპლარები
Withdrawn status Lost status Damaged status Not for loan Date acquired Barcode Date last seen Price effective from Koha item type
        2018-12-17 40205 2018-12-17 2018-12-17 წიგნი
        2018-12-17 40206 2018-12-17 2018-12-17 წიგნი
        2018-12-17 40207 2018-12-17 2018-12-17 წიგნი
        2018-12-17 40208 2018-12-17 2018-12-17 წიგნი